Statistics for Spanish Food Words Quiz

Click here to take the quiz!

General Stats

  • This quiz has been taken 125,689 times
  • The average score is 19 of 24

Answer Stats

SpanishEnglish% Correct
AguaWater
97%
PolloChicken
97%
CaféCoffee
96%
EnsaladaSalad
94%
QuesoCheese
93%
LecheMilk
93%
PanBread
92%
ArrozRice
91%
CarneMeat
90%
PescadoFish
88%
NaranjaOrange
85%
HuevoEgg
84%
JamónHam
83%
SopaSoup
83%
CervezaBeer
77%
MaízCorn
77%
Manzana  Apple
76%
PlátanoBanana
74%
PiñaPineapple
73%
JugoJuice
69%
FrijolesBeans
59%
BistecSteak
57%
Mantequilla  Butter
54%
CamarónShrimp
40%

Score Distribution

Percentile by Number Answered

Percent of People with Each Score

Your Score History

You have not taken this quiz